EM modeling of antennas and RF components for wireless communication systems / (Record no. 17466)
[ view plain ]
| 000 -LEADER | |
|---|---|
| fixed length control field | 00981nam a22002897a 4500 |
| 001 - CONTROL NUMBER | |
| control field | 013585525 |
| 003 - CONTROL NUMBER IDENTIFIER | |
| control field | Uk |
| 005 - DATE AND TIME OF LATEST TRANSACTION | |
| control field | 20130515135947.0 |
| 008 - FIXED-LENGTH DATA ELEMENTS--GENERAL INFORMATION | |
| fixed length control field | 060302s2006 gw a b 001 0 eng d |
| 010 ## - LIBRARY OF CONGRESS CONTROL NUMBER | |
| LC control number | 2006923241 |
| 020 ## - INTERNATIONAL STANDARD BOOK NUMBER | |
| International Standard Book Number | 9783540286141 (cased) |
| 020 ## - INTERNATIONAL STANDARD BOOK NUMBER | |
| International Standard Book Number | 3540286144 (cased) |
| 020 ## - INTERNATIONAL STANDARD BOOK NUMBER | |
| International Standard Book Number | 9783540286141 |
| 082 ## - DEWEY DECIMAL CLASSIFICATION NUMBER | |
| Edition number | 22 |
| Classification number | 621.316 |
| Item number | GUS |
| 100 1# - MAIN ENTRY--PERSONAL NAME | |
| Personal name | Gustrau, Frank. |
| 9 (RLIN) | 33194 |
| 245 10 - TITLE STATEMENT | |
| Title | EM modeling of antennas and RF components for wireless communication systems / |
| Statement of responsibility, etc | Frank Gustrau, Dirk Manteuffel. |
| 260 ## - PUBLICATION, DISTRIBUTION, ETC. (IMPRINT) | |
| Place of publication, distribution, etc | Berlin : |
| Name of publisher, distributor, etc | Springer, |
| Date of publication, distribution, etc | c2006. |
| 300 ## - PHYSICAL DESCRIPTION | |
| Extent | xix, 276 p. : |
| Other physical details | ill. ; |
| Dimensions | 25 cm. |
| 490 1# - Series Statement | |
| Series statement | Signals and communication technology |
| 504 ## - BIBLIOGRAPHY, ETC. NOTE | |
| Bibliography, etc | Includes bibliographical references and index. |
| 650 #0 - SUBJECT ADDED ENTRY--TOPICAL TERM | |
| Topical term or geographic name as entry element | Electromagnetic devices |
| General subdivision | Design and construction. |
| 9 (RLIN) | 33195 |
| 650 #0 - SUBJECT ADDED ENTRY--TOPICAL TERM | |
| Topical term or geographic name as entry element | Electromagnetic fields. |
| 9 (RLIN) | 33196 |
| 650 #0 - SUBJECT ADDED ENTRY--TOPICAL TERM | |
| Topical term or geographic name as entry element | Wireless communication systems. |
| 9 (RLIN) | 33197 |
| 653 ## - INDEX TERM--UNCONTROLLED | |
| Resource For college | |
| Arrived date list | May2013 |
| 700 1# - ADDED ENTRY--PERSONAL NAME | |
| Personal name | Manteuffel, Dirk. |
| 9 (RLIN) | 33198 |
| 942 ## - ADDED ENTRY ELEMENTS (KOHA) | |
| Source of classification or shelving scheme | Dewey Decimal Classification |
| Item type | Book - Borrowing |
| Withdrawn status | Item status | Source of classification or shelving scheme | Damaged status | Not for loan | Vendor | Home library | Current library | Shelving location | Date acquired | Source of acquisition | Cost, normal purchase price | Serial Enumeration / chronology | Total Checkouts | Total Renewals | Full call number | Barcode | Date last seen | Date last borrowed | Cost, replacement price | Koha item type |
|---|---|---|---|---|---|---|---|---|---|---|---|---|---|---|---|---|---|---|---|---|
| Dewey Decimal Classification | Baccah | Central Library | Central Library | First floor | 15/05/2013 | 834.00 | 17733 | 1 | 3 | 621.316 GUS | 000028736 | 15/07/2025 | 21/05/2013 | 1042.50 | Book - Borrowing |